| 000 | 00548nam a2200181Ia 4500 | ||
|---|---|---|---|
| 999 |
_c36826 _d36826 |
||
| 003 | OSt | ||
| 005 | 20210127102119.0 | ||
| 008 | 190216s9999||||xx |||||||||||||| ||und|| | ||
| 020 | _a8189301039 | ||
| 040 | _coclc | ||
| 082 |
_a540 _bHAL/U |
||
| 100 |
_aHalder, Kangkan _98446 |
||
| 245 | 0 |
_aUGC - CSIR JRF / NET Chemical Sciences / _cKangkan Halder ; Banasri Roy |
|
| 260 |
_bDanika Publishing Company, _aNew Delhi: _c2007. |
||
| 300 | _a488p | ||
| 650 | _aChemistry-Chemistry | ||
| 942 |
_cREF _2ddc _h540 _iHAL/U _k540 _mHAL/U |
||